000 01172nam a22003251i 4500
001 22662
003 CZ PrNK
005 20260415140041.0
007 ta
008 991015s1966 xr ac 000 | slo
015 _acnb000318165
020 _q(Vázáno) :
_cKčs 17,00
040 _aABA001
_bcze
_cABA001
_dABA001
_erda
044 _axr
_axo
100 1 _aKoyš, Pavel,
_d1932-1993
_4aut
245 1 0 _aS tebou a bez teba :
_bantológia súčasnej slovenskej ľúbostnej poézie /
_czostavil, spojovací text, doslov a poznámky o autoroch napísal Pavel Koyš ; ilustroval Emil Bačík
250 _aVydanie prvé
264 1 _aBratislava :
_bSmena ;
_a[Praha] :
_bMladá fronta :
_bNaše vojsko :
_bSvět sovětů,
_c1966
300 _a302 stran :
_bilustrace, portréty ;
_c21 cm
336 _atext
_btxt
_2rdacontent
337 _abez média
_bn
_2rdamedia
338 _asvazek
_bnc
_2rdacarrier
490 1 _aMáj : knižnica československej mládeže ;
_vzväzok 78
500 _a17000 výtisků
700 1 _aKoyš, Pavel,
_d1932-1993
_4com
_4cwt
700 1 _aBačík, Emil,
_d1929-1999
_4ill
830 0 _aMáj (Smena)
910 _aABA001
942 _2ddc
_cKLDO
_n0
999 _c22662
_d22662